[Event "Baden-ch U14/20 Girls"]
[Site "Karlsruhe Durlach"]
[Date "2012.01.04"]
[Round "5"]
[White "Wolz, Kayleigh"]
[Black "Kuehnel, Lena"]
[Result "0-1"]
[WhiteElo "1315"]
[BlackElo "1924"]
[PlyCount "68"]
[EventDate "2012.01.02"]
[EventType "swiss"]
[EventRounds "7"]
[EventCountry "GER"]
[SourceTitle "EXT 2015"]
[Source "ChessBase"]
[SourceDate "2014.11.20"]
[SourceVersion "1"]
[SourceVersionDate "2014.11.20"]
[SourceQuality "1"]

1. e4 c5 2. Nf3 e6 3. Bc4 a6 4. a3 b5 5. Ba2 Bb7 6. d3 Nc6 7. 0-0 Be7 8. Be3 d6 9. Qd2 Nf6 10. c4 0-0 11. Nc3 b4 12. axb4 Nxb4 13. Bb3 Qc7 14. Na2 Nc6 15. Ba4 d5 16. Bf4 Qb6 17. exd5 exd5 18. Bxc6 Bxc6 19. Rfe1 Rfe8 20. Rab1 dxc4 21. dxc4 Bxf3 22. gxf3 Qb3 23. Qc3 Qa4 24. b3 Qc6 25. h3 Nh5 26. Bg3 Bf6 27. Qd3 Bd4 28. Bh2 Rad8 29. Qf5 g6 30. Qg4 Bxf2+ 31. Kxf2 Rd2+ 32. Kg1 Rxa2 33. Rxe8+ Qxe8 34. Qe4 Qd7 0-1

[Event "Baden-ch U14/20 Girls"]
[Site "Karlsruhe Durlach"]
[Date "2012.01.03"]
[Round "4"]
[White "Denz, Annika"]
[Black "Wolz, Kayleigh"]
[Result "1/2-1/2"]
[WhiteElo "1341"]
[BlackElo "1315"]
[PlyCount "65"]
[EventDate "2012.01.02"]
[EventType "swiss"]
[EventRounds "7"]
[EventCountry "GER"]
[SourceTitle "EXT 2015"]
[Source "ChessBase"]
[SourceDate "2014.11.20"]
[SourceVersion "1"]
[SourceVersionDate "2014.11.20"]
[SourceQuality "1"]

1. e4 c6 2. Nf3 d5 3. exd5 cxd5 4. d4 Bf5 5. Nc3 Nf6 6. Bd3 Bxd3 7. Qxd3 a6 8. Bg5 e6 9. 0-0 Be7 10. h3 0-0 11. a3 Nfd7 12. Bxe7 Qxe7 13. Rfe1 Qd6 14. Ng5 Nf6 15. Qg3 Qb6 16. Ne2 Nc6 17. Qb3 Qxb3 18. cxb3 h6 19. Nf3 Nd7 20. Nc3 Na5 21. b4 Nc4 22. Na4 b6 23. b3 Nd6 24. Ne5 Nxe5 25. dxe5 Nc8 26. Rac1 Rb8 27. Nc3 Ne7 28. b5 a5 29. Rb1 Ra8 30. Na4 Rfb8 31. Rec1 Kf8 32. Nc3 Ng6 33. Re1 1/2-1/2

[Event "Baden-ch U14/20 Girls"]
[Site "Karlsruhe Durlach"]
[Date "2012.01.02"]
[Round "1"]
[White "Spiegelberg, Silvia"]
[Black "Wolz, Kayleigh"]
[Result "1-0"]
[WhiteElo "1875"]
[BlackElo "1315"]
[PlyCount "55"]
[EventDate "2012.01.02"]
[EventType "swiss"]
[EventRounds "7"]
[EventCountry "GER"]
[SourceTitle "EXT 2015"]
[Source "ChessBase"]
[SourceDate "2014.11.20"]
[SourceVersion "1"]
[SourceVersionDate "2014.11.20"]
[SourceQuality "1"]

1. e4 e5 2. Nf3 Nc6 3. d4 exd4 4. Bc4 Nf6 5. e5 d5 6. Bb5 Nd7 7. 0-0 a6 8. Bxc6 bxc6 9. Nxd4 Nb8 10. c3 c5 11. Nb3 Be7 12. f4 c4 13. Nd4 c5 14. Nc2 Bf5 15. Ne3 Bd3 16. Re1 0-0 17. Nd2 Qd7 18. Qf3 Rd8 19. Nexc4 Bxc4 20. Nxc4 Qc6 21. Ne3 Ra7 22. Nf5 Qg6 23. Nxe7+ Rxe7 24. f5 Qb6 25. Bg5 f6 26. exf6 Rxe1+ 27. Rxe1 Qc7 28. f7+ 1-0